00773cam a2200181 a 4500008004100000020001500041035001200056050002000068245019100088260004900279300002500328440004500353651003900398651004600437651004900483700003100532700002800563040812s1993 gw 000 0 eng u a3110135183 aa43930500aHC94 bD48 199300aDevelopment and underdevelopment in America :bcontrasts of economic growth in north and Latin America in historical perspective /cedited by Walther L. Bernecker and Hans Werner Tobler. aBerlin ; New York :bWalter Gruyter, c1993. avi, 336 p. ;c24 cm. 0aDe Gruyter studies on North America ;v8 0aAmerica xCondiciones económicas 0aHispanoamerica xCondiciones económicas 0aAmerica del Norte xCondiciones económicas1 aBernecker, Walther L., ed.1 aTobler, Hans Werner, ed